Tales of Mystery, Imagination, and Humour / (Record no. 162341)

MARC details
000 -LEADER
campo de control de longitud fija 00781nam a2200205 i 4500
001 - NÚMERO DE CONTROL
campo de control 162341
003 - IDENTIFICADOR DE NÚMERO DE CONTROL
campo de control ES-MaACL
005 - FECHA Y HORA DE LA ÚLTIMA TRANSACCIÓN
campo de control 20260322063013.0
008 - DATOS DE LONGITUD FIJA--INFORMACIÓN GENERAL
campo de control de longitud fija 990714q18751900xxk |||| | eng d
040 ## - FUENTE DE CATALOGACIÓN
Centro catalogador/agencia de origen CCPB | B
Lengua de catalogación spa
Centro/agencia transcriptor CCPB | B
100 1# - ENTRADA PRINCIPAL--NOMBRE DE PERSONA
Nombre de persona Poe, Edgar Allan,
Fechas asociadas al nombre 1809-1849
9 (RLIN) 188384
245 10 - MENCIÓN DEL TÍTULO
Título Tales of Mystery, Imagination, and Humour /
Mención de responsabilidad, etc. by Edgar Allan Poe ; illustrated with twenty-seven engravings on wood.
260 ## - PUBLICACIÓN, DISTRIBUCIÓN, ETC.
Lugar de publicación, distribución, etc. London :
Nombre del editor, distribuidor, etc. Ward, Lock and Tyler,
Fecha de publicación, distribución, etc. [s.a.] (
Fabricante Woodfall and Kinder, printers)
300 ## - DESCRIPCIÓN FÍSICA
Extensión [4], 395 p. :
Otras características físicas il. ;
Dimensiones 17 cm.
596 ## - NOTA AL PIE DE IMPRENTA
NOTA AL PIE DE IMPRENTA Probablemente impreso a finales del S. XIX.
599 ## - NOTA A LAS ILUSTRACIONES
NOTA A LAS ILUSTRACIONES Las il. son grab. intercalados en el texto.
852 ## - LOCALIZACIÓN
Ubicación ES-MaACL
Número de control de estantería C-3514
Nota libre -- Enc. tela grabada
942 ## - ELEMENTOS DE ENTRADA SECUNDARIOS (KOHA)
Fuente del sistema de clasificación o colocación Clasificación decimal universal
Holdings
Estatus retirado Estado de pérdida Estado de daño No para préstamo Biblioteca de origen Biblioteca actual Ubicación en estantería Fecha de adquisición Fuente de adquisición Total de préstamos Signatura topográfica completa Código de barras Visto por última vez Fecha del último préstamo Precio de reemplazo Tipo de ítem Koha
        Biblioteca del Ateneo de Madrid Biblioteca del Ateneo de Madrid Sala Palomar 17/01/2008   1 C-3514 1170075 15/04/2026 20/03/2026 23/02/2023 Libro impreso